Disputa del asno / (Registro nro. 147149)

Detalles MARC
000 -LEADER
campo de control de longitud fija 00626nam a2200181 i 4500
001 - NÚMERO DE CONTROL
campo de control 147149
003 - IDENTIFICADOR DE NÚMERO DE CONTROL
campo de control ES-MaACL
005 - FECHA Y HORA DE LA ÚLTIMA TRANSACCIÓN
campo de control 20251015164505.0
007 - CAMPO FIJO DE DESCRIPCIÓN FÍSICA--INFORMACIÓN GENERAL
campo de control de longitud fija t|
008 - DATOS DE LONGITUD FIJA--INFORMACIÓN GENERAL
campo de control de longitud fija 070921s1932 sp ||||1| spa d
100 1# - ENTRADA PRINCIPAL--NOMBRE DE PERSONA
Nombre de persona Turmeda, Anselm,
Fechas asociadas al nombre 1352-1432
9 (RLIN) 111717
245 10 - MENCIÓN DEL TÍTULO
Título Disputa del asno /
Mención de responsabilidad, etc. Anselmo Turmeda (año de 1417) ; traducción del catalán y prólogo de E. Barriobero y Herrán.
260 ## - PUBLICACIÓN, DISTRIBUCIÓN, ETC.
Lugar de publicación, distribución, etc. Madrid :
Nombre del editor, distribuidor, etc. C.I.A.P.,
Fecha de publicación, distribución, etc. 1932 (
Fabricante Imp. de Galo Saez)
300 ## - DESCRIPCIÓN FÍSICA
Extensión 193 p. :
Otras características físicas il. ;
Dimensiones 18 cm.
700 1# - ENTRADA AGREGADA--NOMBRE PERSONAL
Nombre de persona Barriobero y Herrán, Eduardo,
Fechas asociadas al nombre 1875-1939
9 (RLIN) 26012
852 ## - LOCALIZACIÓN
Ubicación ES-MaACL
Número de control de estantería A-983
Existencias
Estatus retirado Estado de pérdida Estado de daño No para préstamo Biblioteca de origen Biblioteca actual Ubicación en estantería Fecha de adquisición Fuente de adquisición Total de préstamos Signatura topográfica completa Código de barras Visto por última vez Precio de reemplazo Tipo de ítem Koha
        Biblioteca del Ateneo de Madrid Biblioteca del Ateneo de Madrid Sala Pecera Planta 1 17/01/2008     A-983 1153562 23/02/2023 23/02/2023 Libro impreso